00577nam a2200241Ia 450000500170000000800460001702000180006303700100008104000080009104000080009904000080010704100080011504100080012308400080013110000220013924500200016126000220018126000220020326000090022565000220023470000310025685600480028720260121124607.0008 260114s9999 xx 000 0 eng d a9781685859749 aEBOOK aCRL beng cCRL 2eng aeng qCRL aYuan, Jing-dong  0aChina and India bWalter de Gruyter bWalter de Gruyter c2003 aPolitical Science a Sidhu, Waheguru Pal Singh uhttp://www.degruyter.com/isbn/9781685859749